|
|
|
|
| LEADER |
01471njm a2200433 a 4500 |
| 001 |
000265206 |
| 003 |
CZ BrMZK |
| 005 |
19950101143423.0 |
| 008 |
950101s1994 xr f eng d |
| 028 |
0 |
3 |
|a 11 0815-2 311
|b Supraphon
|
| 040 |
|
|
|a BOA001
|b cze
|
| 080 |
|
|
|a 784.4(086.7)
|2 MRF
|
| 100 |
1 |
|
|a Gott, Karel,
|d 1939-2019
|7 jk01032549
|4 prf
|
| 245 |
1 |
0 |
|a I love you for sentimental reasons
|h [zvukový záznam] /
|c Karel Gott.
|
| 246 |
3 |
3 |
|a Smoke gets in your eyes
|
| 246 |
3 |
3 |
|a Stardust
|
| 246 |
3 |
3 |
|a When Joanna loved me
|
| 246 |
3 |
3 |
|a Can't help falling in love
|
| 246 |
3 |
3 |
|a I love you for sentimental reasons
|
| 246 |
3 |
3 |
|a Just the way you are
|
| 246 |
3 |
3 |
|a Love letters
|
| 246 |
3 |
3 |
|a Misty
|
| 246 |
3 |
3 |
|a Mona Lisa
|
| 246 |
3 |
3 |
|a My one and only love
|
| 246 |
3 |
3 |
|a Over the rainbow
|
| 246 |
3 |
3 |
|a She's out of my life
|
| 260 |
|
|
|a Praha :
|b Supraphon,
|c p1991
|
| 300 |
|
|
|a 1 CD :
|b AAD ;
|c 12 cm +
|e 1 složený list.
|
| 306 |
|
|
|a 003948
|
| 500 |
|
|
|a Durata 39:48
|
| 500 |
|
|
|a Nahr. 1988-1989
|
| 505 |
2 |
|
|a Can't help falling in love, I love you for sentimental reasons, Just the way you are ... [et al.]
|
| 511 |
0 |
|
|a Studiová skupina Rudolfa Rokla
|
| 653 |
0 |
|
|a populární hudba
|a populární písně
|
| 710 |
2 |
|
|a Studiová skupina Rudolfa Rokla
|4 prf
|
| 910 |
|
|
|a BOA001
|b CD-0000.344
|
| 964 |
|
|
|a Hudba populární
|x CD
|
| 990 |
|
|
|a AV
|
| 996 |
6 |
|
|b 261H000355
|c CD-0000.344
|l MZK
|r Sklad / do 24 hodin
|n 0
|w 000265206
|u 000010
|a 1
|e BOA001
|j MZK50
|s P
|